Postacie z kreskówki Ninjago: Mistrzowie Spinjitzu - Statystyki

Ogólne statystyki
  • Ten quiz został rozwiązany 230 razy
  • Średni wynik to 14 z 15
Statystyki odpowiedzi
Hint Odpowiedź % Poprawnych
Zły brat powyższego Garmadon
98%
Ninja Błyskawic Jay
98%
Ninja Ognia Kai
98%
Zielony Ninja Lloyd
98%
Mistrz Ninja Wu
98%
Ninja Lodu Zane
98%
Ninja Ziemi Cole
97%
Ninja Wody Nya
96%
Zły duch, mistrz żywiołu Wiatru Morro
89%
Matka Zielonego Ninja Misako
87%
Android, przyjaciółka ninja P.I.X.A.L
87%
Brązowy Ninja Dareth
83%
Przywódczyni Synów Garmadona Harumi
79%
Były Król Wężonów Pythor
72%
Przywódca szkieletów Samukai
71%
Nie znaleziono quizów pasujących do podanych kryteriów
Rozkład punktacji
Procent ludzi z każdym wynikiem
Percentyl według liczby udzielonych odpowiedzi
Twoja historia wyników
Nie rozwiązałeś tego quizu